Statistics for Minecraft Mobs - Version 1.6.1

Click here to take the quiz!

General Stats

  • This quiz has been taken 490 times
    (377 since last reset)
  • The average score is 22 of 33

Answer Stats

HintAnswer% Correct
PassiveCow
95%
PassivePig
95%
HostileZombie
93%
HostileSkeleton
90%
PassiveSheep
85%
PassiveChicken
82%
HostileSpider
82%
OtherEnderman
81%
OtherWolf/Dog
81%
HostileCreeper
80%
HostileEnder Dragon
79%
PassiveOcelot/Cat
76%
PassiveVillager/Testificate
74%
HostileGhast
73%
HostileWither
72%
HostileBlaze
71%
OtherZombie Pigman
69%
PassiveHorse
66%
HostileSlime
65%
HostileCave Spider
63%
HostileWither Skeleton
59%
PassiveBat
58%
HostileMagma Cube
58%
PassiveSquid
55%
PassiveDonkey
52%
OtherIron Golem
50%
HostileSilverfish
50%
OtherSnow Golem
48%
PassiveMooshroom
44%
PassiveMule
43%
HostileWitch
41%
HostileSpider Jockey
35%
OtherChicken Jockey
19%

Score Distribution

Percentile by Number Answered

Percent of People with Each Score

Your Score History

You have not taken this quiz since the last reset